| 000 | 00652nam a2200217Ia 4500 | ||
|---|---|---|---|
| 003 | GCL | ||
| 008 | 140319s9999 xx 000 0 eng d | ||
| 040 |
_aGCL / _cGCL |
||
| 082 | 0 | 4 |
_a333.79 _bO O |
| 100 | 1 | _aCOMUSSION OF THE EUROPEAN COMMINUNITICS | |
| 245 | 1 | 0 |
_aOAPEC - EC WORKSHOP ON ENERGY DATA: BRUSSELS 1 - 4 OCTOBER 1984 / _cCOMUSSION OF THE EUROPEAN COMMINUNITICS |
| 700 | 1 | _aORGANIZATION OF ARAB PETROLUM COUNTRIES | |
| 260 |
_a[S.N] : _bORGANIZATION OF ARAB PETROLUM |
||
| 300 | _a320 P | ||
| 650 | 0 | 4 | _aENERGY |
| 650 | 0 | 4 | _aECONOMIC |
| 650 | 0 | 4 | _aENERGY INDUSTRIES |
| 650 | 0 | 4 | _aENERGY POLICY |
| 650 | 0 | 4 | _aOAPEC |
| 942 |
_2ddc _cBK |
||
| 999 |
_c11900 _d11900 |
||